Engineering drawing with worked examples (Record no. 81493)

MARC details
000 -LEADER
fixed length control field 00770nam a22002537a 4500
003 - CONTROL NUMBER IDENTIFIER
control field CBULib
005 - DATE AND TIME OF LATEST TRANSACTION
control field 20240911094846.0
008 - FIXED-LENGTH DATA ELEMENTS--GENERAL INFORMATION
fixed length control field 230829b |||||||| |||| 00| 0 eng d
020 ## - INTERNATIONAL STANDARD BOOK NUMBER
International Standard Book Number 9780748703111
040 ## - CATALOGING SOURCE
Language of cataloging English
Transcribing agency CBULib
Description conventions rda
041 ## - LANGUAGE CODE
Language code of text/sound track or separate title eng
050 ## - LIBRARY OF CONGRESS CALL NUMBER
Classification number T 353 Par
100 ## - MAIN ENTRY--PERSONAL NAME
9 (RLIN) 674
Personal name Parker, M.A
245 ## - TITLE STATEMENT
Title Engineering drawing with worked examples
Statement of responsibility, etc / by M.A Parker and F. Pickup
250 ## - EDITION STATEMENT
Edition statement Third edition
260 ## - PUBLICATION, DISTRIBUTION, ETC. (IMPRINT)
Place of publication, distribution, etc United Kingdom :
Name of publisher, distributor, etc Oxford University Press,
Date of publication, distribution, etc 2015
300 ## - PHYSICAL DESCRIPTION
Extent v, 226 pages : illustrations
336 ## - CONTENT TYPE
Source rdacontent
Content type term Text |
Content type code txt
337 ## - MEDIA TYPE
Source rdamedia
Media type term Unmediated |
Media type code n
338 ## - CARRIER TYPE
Source rdacarrier
Carrier type term Volume
Carrier type code nc
650 #0 - SUBJECT ADDED ENTRY--TOPICAL TERM
Source of heading or term Library of congress
9 (RLIN) 675
Topical term or geographic name as entry element MECHANICAL DRAWING
700 ## - ADDED ENTRY--PERSONAL NAME
9 (RLIN) 676
Personal name Pickup. F
942 ## - ADDED ENTRY ELEMENTS (KOHA)
Source of classification or shelving scheme
Koha item type MONOGRAPH
Holdings
Withdrawn status Lost status Source of classification or shelving scheme Damaged status Not for loan Collection code Permanent Location Current Location Shelving location Date acquired Source of acquisition Cost, normal purchase price Total Checkouts Full call number Barcode Date last seen Copy number Cost, replacement price Price effective from Koha item type
          Mpika Library Collection CBU-MPIKA LIBRARY, MPIKA CAMPUS. CBU-MAIN LIBRARY, KITWE. General Stacks 08/29/2023 DON-BOOKAID 40.00   T 353 Par 752108 08/29/2023 1 48.00 08/29/2023 MONOGRAPH
          Mpika Library Collection CBU-MPIKA LIBRARY, MPIKA CAMPUS. CBU-MAIN LIBRARY, KITWE. General Stacks 08/29/2023 DON-BOOKAID 40.00   T 353 Par 752109 08/29/2023 2 48.00 08/29/2023 MONOGRAPH
          CBU-Lusaka Campus CBU-MAIN LIBRARY, KITWE. CBU-MAIN LIBRARY, KITWE. General Stacks 09/11/2024 DON-BOOKAID 40.00   T 353 Par 752731 09/11/2024 3   09/11/2024 MONOGRAPH
          CBU-Lusaka Campus CBU-MAIN LIBRARY, KITWE. CBU-MAIN LIBRARY, KITWE. General Stacks 09/11/2024 DON-BOOKAID 40.00   T 353 Par 752730 09/11/2024 4   09/11/2024 MONOGRAPH